Hotel The Dolder Grand v Zürichu

Podrobná bibliografia
Hlavný autor: Weber, Maria Ada, 1943- (Autor)
Médium: Článok
Jazyk:slovenčina
Fyzický popis:Fotogr.
ISSN:1335-1249
Predmet:

MARC

LEADER 00000nab a2200000 a 4500
001 vtls010060847
003 SK-MaSNL
005 20260304161751.0
008 250507c2009 xo zr|p|||||||000 b|slo
015 |a SNBRB2010/02  |2 snkbucl 
035 |a (uuid)1829b42a-a528-494f-aad0-f75570efe03f 
035 |a urn:nbn:sk:snk-abaccj 
035 |a (urnnbn)urn:nbn:sk:snk:ar-008era 
038 |a SNKBUCL 
040 |a SNKBUCL  |b slo  |c SNKBUCL  |e AACR2 
041 0 |a slo 
044 |a xo  |c SK 
080 |a 728.5  |x (494)  |2 2001 
100 1 |a Weber, Maria Ada,  |d 1943-  |4 aut  |9 215257 
245 1 0 |a Hotel The Dolder Grand v Zürichu  |c Maria Ada Weber 
300 |b Fotogr. 
610 2 7 |a Hotel Dolger Grand (Zürich, Švajčiarsko)  |x rekonštrukcia  |2 snkbucl  |9 1486266 
650 0 7 |a hotely  |2 snkbucl  |9 18422 
651 7 |a Zürich (Švajčiarsko)  |2 snkbucl  |9 23104 
773 0 |t Eurostav  |g Roč. 15, č. 12 (2009), s. 44-45  |x 1335-1249 
850 |a Slovenská národná knižnica 
852 |a Slovenská národná knižnica 
954 |a odborná, vedecká literatúra pôvodná (slovenská)  |2 lita 
958 |a article14 
958 |a OND 
958 |a CH 
958 |a EUIPO 
999 |c 2972164  |d 2974094